000
00322nam a2200133Ia 4500
005
20260328104336.0
008
260328s9999||||xx |||||||||||||| ||und||
100
_a
Brown, Frank E.
245
0
_a
Roman Architecture /
_c
Frank E. Brown
260
_b
Prentice-Hall
300
_a
125 p.
650
_a
ARQUITECTOS
942
_c
BK
999
_c
11905
_d
11905